Statistics for Top 15 Countries with Covid-19 Deaths - 16 August

Click here to take the quiz!

General Stats

  • This quiz has been taken 14 times
  • The average score is 13 of 20

Answer Stats

country% Correct
United States
100%
Russia
90%
France
80%
India
80%
United Kingdom
80%
Brazil
70%
Ecuador
70%
Italy
70%
Mexico
70%
South Africa
70%
Belgium
60%
Chile
60%
Colombia
60%
Iran
60%
Panama
60%
Spain
60%
Netherlands
50%
Peru
50%
Sweden
50%
Ireland
40%

Score Distribution

Percentile by Number Answered

Percent of People with Each Score

Your Score History

You have not taken this quiz